It looks like you're offline.
Open Library logo
additional options menu

MARC record from Internet Archive

LEADER: 03444cam 2200697 a 4500
001 ocm56762349
003 OCoLC
005 20200118034810.0
008 050131s2004 nyub 000 1 eng d
010 $a 2005544191
040 $aIW3$beng$cDLC$dIW3$dHT#$dGZM$dIXA$dC@R$dBAKER$dBTCTA$dYDXCP$dWPB$dYVO$dAU@$dOCLCQ$dEYP$dTXBXL$dOCLCQ$dOCLCF$dOCLCO$dOCLCQ$dOCLCO$dSFR$dOCLCQ$dOCL$dS#L$dQE2$dLKC$dOCLCO$dLD4
019 $a55993410$a56418275$a224224672$a731451905$a731477580$a971964361$a987951963$a990648077$a1001850617$a1004994134$a1005489828$a1007559331$a1021083992$a1040258799$a1043692762$a1083880791$a1084700857$a1105995415
020 $a0345457234
020 $a9780345457233
020 $a0345464052
020 $a9780345464057
035 $a(OCoLC)56762349$z(OCoLC)55993410$z(OCoLC)56418275$z(OCoLC)224224672$z(OCoLC)731451905$z(OCoLC)731477580$z(OCoLC)971964361$z(OCoLC)987951963$z(OCoLC)990648077$z(OCoLC)1001850617$z(OCoLC)1004994134$z(OCoLC)1005489828$z(OCoLC)1007559331$z(OCoLC)1021083992$z(OCoLC)1040258799$z(OCoLC)1043692762$z(OCoLC)1083880791$z(OCoLC)1084700857$z(OCoLC)1105995415
042 $alccopycat
043 $an------
050 00 $aPS3570.U76$bS48 2004
055 3 $aPS3570.U795$bS48 2004
082 04 $a813/.54$222
100 1 $aTurtledove, Harry.
245 10 $aSettling accounts.$pReturn engagement /$cHarry Turtledove.
246 30 $aReturn engagement
250 $a1st ed.
260 $aNew York :$bDel Rey/Ballantine Books,$c℗♭2004.
300 $a623 pages :$bmap ;$c25 cm.
336 $atext$btxt$2rdacontent
337 $aunmediated$bn$2rdamedia
338 $avolume$bnc$2rdacarrier
490 1 $aSettling accounts
520 0 $aIn an alternate universe in which Japan rules the Pacific and Alaska is a Russian territory, Confederacy president Jake Featherston sends his planes to bomb Philadelphia and general George Patton drives his armored divisions north, triggering World War II.
611 27 $aWorld War (1939-1945)$2fast$0(OCoLC)fst01180924
650 0 $aWorld War, 1939-1945$vFiction.
651 0 $aNorth America$vFiction.
651 7 $aNorth America.$2fast$0(OCoLC)fst01242475
648 7 $a1939-1945$2fast
655 7 $aHistorical fiction.$2fast$0(OCoLC)fst01726640
655 4 $aAlternative histories (Fiction.)
655 4 $aWar stories.
655 7 $aFiction.$2fast$0(OCoLC)fst01423787
655 7 $aAlternative histories (Fiction)$2lcgft
655 7 $aWar fiction.$2lcgft
655 7 $aAlternative histories. (Fiction)$2gsafd
655 7 $aWar stories.$2gsafd
800 1 $aTurtledove, Harry.$tSettling accounts.
856 41 $3Sample text$uhttp://catdir.loc.gov/catdir/enhancements/fy0628/2005544191-s.html
856 42 $3Contributor biographical information$uhttp://catdir.loc.gov/catdir/enhancements/fy0628/2005544191-b.html
856 42 $3Publisher description$uhttp://catdir.loc.gov/catdir/enhancements/fy0628/2005544191-d.html
856 42 $3Publisher description$uhttp://catdir.loc.gov/catdir/description/hol041/2003061462.html
938 $aBaker & Taylor$bBKTY$c26.95$d20.21$i0345457234$n0004358716$sactive
938 $aBaker and Taylor$bBTCP$n2005544191
938 $aYBP Library Services$bYANK$n2055349
029 1 $aAU@$b000026118356
029 1 $aAU@$b000026709024
029 1 $aNZ1$b8923795
029 1 $aUKDON$b0345457234
029 1 $aUNITY$b065698983
994 $aZ0$bP4A
948 $hNO HOLDINGS IN P4A - 854 OTHER HOLDINGS